Responses for show #4250 - Friday, February 7, 2003

2003 Teen Tournament quarterfinal game 5.

Contestants

[<< previous game]

Anthony Valente, a senior from Staten Island, New York

Lizz Mullowney, a senior from Crystal Lake, Illinois

Kendra Chapman, a sophomore from Louisville, Kentucky

[next game >>]

Jeopardy! Round responses

THE BIBLE
HEALTH & MEDICINE
THE NHL
(Alex: The National Hockey League.)
U.S. GEOGRAPHY
AT THE MALL
SAME FIRST & LAST LETTER
    $200 11
angels

Anthony
    $200 6
diabetes

Anthony
    $200 21
New York

Anthony
    $200 1
The Great Salt Lake

Lizz
    $200 16
Lego

Anthony
    $200 26
dashboard

Anthony
    $400 12
Noah

Lizz
    $400 7
migraine

Anthony
    $400 22
Stanley Cup

Anthony
    $400 2
Pikes Peak

Anthony
    $400 17
Hallmark

Anthony
    $400 27
penmanship

Anthony
    $600 13
John

Anthony
    $600 8
hypothermia

Kendra
    $600 23
(Anthony: Who are the Canadiens?)
(Lizz: Who are the Canucks?)

Calgary Flames

LizzAnthony
Triple Stumper
    $1,000 3
Salem, Oregon

Anthony
    $600 18
pretzels

Kendra
    $600 28
book club

Kendra
    $800 14
Israel

Anthony
    $800 9
sleepwalking

Anthony
    $800 24
Detroit Red Wings

Triple Stumper
    $800 4
Missouri River

Anthony
    $800 19
21

Lizz
    $800 29
turnabout

Triple Stumper
    $1000 15
Paul

Anthony
    $1000 10
influenza

Anthony
    $1000 25
Washington Capitals

Anthony
    $1000 5
Hawaii

Anthony
    $1000 20
General Nutrition Centers

Lizz
    $1000 30
Liberal

Triple Stumper

Scores at the first commercial break (after clue 15):

Kendra Lizz Anthony
$600 $600 $8,200

Scores at the end of the Jeopardy! Round:

Kendra Lizz Anthony
$1,800 $1,800 $10,400

Double Jeopardy! Round responses

GEOMETRY
(Alex: Oh-oh; we're going back to school!)
MIND MISS MANNERS
HAIL TO THE CHIEF
FROM PAGE TO SCREEN
RIGHT HERE IN RIVER CITY
RHYME TIME
    $400 4
trapezoid

Lizz
    $400 9
fork

Anthony
    $400 14
Thomas Jefferson

Lizz
    $400 19
Harry Potter and the Chamber of Secrets

Anthony
    $400 24
New Orleans

Anthony
    $400 1
(Anthony: What is a thinny ninny?)

bony pony

Anthony
Triple Stumper
    $800 5
x & y

Kendra
    $800 10
checks

Lizz
    $800 15
Ronald Reagan

Lizz
    $800 20
(Kendra: Who is Harrison Ford?)

Ben Affleck

Kendra
Triple Stumper
    $800 25
Hiroshima

Anthony
    $800 2
leaf thief

Triple Stumper
    $1200 6
supplementary

Anthony
    $1200 11
the taller person

Anthony
    $2,500 16
Lyndon B. Johnson

Lizz
    $1200 21
Tuck Everlasting

Kendra
    $1200 26
Hanoi

Kendra
    $1200 3
whale mail

Triple Stumper
    $1600 7
360

Anthony
    $1600 12
propose

Kendra
    $1600 17
Grover Cleveland

Anthony
    $1600 22
A Walk to Remember

Kendra
    $1600 27
Tagus River

Anthony
    $1600 29
pleasant pheasant

Lizz
    $2000 8
congruent

Kendra
    $2000 13
Labor Day

Anthony
    $2000 18
James Monroe

Kendra
    $2000 23
(Kendra: Who is Russell Crowe?)

Heath Ledger

KendraAnthony
    $3,200 28
Vienna

Anthony
    $2000 30
main rain

Anthony

Scores at the end of the Double Jeopardy! Round:

Kendra Lizz Anthony
$9,400 $8,300 $28,400
(lock game)

Final Jeopardy! Round responses

THE HISTORY OF CLIFFS NOTES
(Alex: I bet you use them!)
(The four wildcard semifinalists are John Matthews, Stephanie Ehresman, Shuyu Wang & Tara Karr.)
LizzWhat is Hamlet?
$8,000
KendraWhat is Gone with the Wind?
$8,400
AnthonyWhat is Ulysses?
$5,000
"1984"

Final scores:

Kendra Lizz Anthony
$1,000 $300 $23,400
2nd place: $2,500 if eliminated 3rd place: $2,500 if eliminated Automatic semifinalist

Game dynamics:

Coryat scores:

Kendra Lizz Anthony
$9,400 $7,000 $26,800
10 R,
2 W
10 R
(including 1 DD),
1 W
32 R
(including 2 DDs),
2 W

Combined Coryat: $43,200

The J! Archive is created by fans, for fans. Scraping, republication, monetization, and malicious use prohibited; this site may use cookies and collect identifying information. See terms. The Jeopardy! game show and all elements thereof, including but not limited to copyright and trademark thereto, are the property of Jeopardy Productions, Inc. and are protected under law. This website is not affiliated with, sponsored by, or operated by Jeopardy Productions, Inc. Join the discussion at JBoard.tv.